|
|
|
|
| LEADER |
00000nlm2a2200000 4500 |
| 001 |
655182 |
| 005 |
20240119153517.0 |
| 035 |
|
|
|a (RuTPU)RU\TPU\network\21033
|
| 090 |
|
|
|a 655182
|
| 100 |
|
|
|a 20170717a2017 k y0engy50 ba
|
| 101 |
0 |
|
|a eng
|
| 105 |
|
|
|a a z 100zy
|
| 135 |
|
|
|a drcn ---uucaa
|
| 181 |
|
0 |
|a i
|
| 182 |
|
0 |
|a b
|
| 200 |
0 |
|
|a Vol. 110 : Heat and Mass Transfer in the Thermal Control System of Technical and Technological Energy Equipment (HMTTSC 2017)
|e International Youth Scientific Conference, April 26-28, 2017, Tomsk, Russia
|e [proceedings]
|f National Research Tomsk Polytechnic University (TPU) ; eds. G. V. Kuznetsov ; A. O. Zhdanova
|
| 203 |
|
|
|a Text
|c electronic
|
| 210 |
|
|
|a Les Ulis
|c EDP Sciences
|d 2017
|
| 300 |
|
|
|a Title screen
|
| 461 |
|
1 |
|0 (RuTPU)RU\TPU\network\4526
|t MATEC Web of Conferences
|v Vol. 110 : Heat and Mass Transfer in the Thermal Control System of Technical and Technological Energy Equipment (HMTTSC 2017)
|
| 606 |
1 |
|
|a Технический прогресс, научный
|2 stltpush
|3 (RuTPU)RU\TPU\subj\74788
|9 86794
|
| 610 |
1 |
|
|a конференции
|
| 610 |
1 |
|
|a труды учёных ТПУ
|
| 610 |
1 |
|
|a тепломассоперенос
|
| 610 |
1 |
|
|a тепловой контроль
|
| 610 |
1 |
|
|a энергетическое оборудование
|
| 675 |
|
|
|a 62.001.7(063)
|v 4
|
| 702 |
|
1 |
|a Kuznetsov
|b G. V.
|c Specialist in the field of heat power energy
|c Professor of Tomsk Polytechnic University, Doctor of Physical and Mathematical Sciences
|f 1949-
|g Geny Vladimirovich
|3 (RuTPU)RU\TPU\pers\31891
|4 340
|9 15963
|
| 702 |
|
1 |
|a Zhdanova
|b A. O.
|c specialist in the field of power engineering
|c engineer of Tomsk Polytechnic University
|f 1989-
|g Alena Olegovna
|3 (RuTPU)RU\TPU\pers\34528
|4 340
|9 17909
|
| 712 |
0 |
2 |
|a National Research Tomsk Polytechnic University (TPU)
|3 (RuTPU)RU\TPU\col\18773
|
| 712 |
1 |
2 |
|a Heat and Mass Transfer in the Thermal Control System of Technical and Technological Energy Equipment
|c Conference
|e Tomsk
|f 2017
|
| 801 |
|
2 |
|a RU
|b 63413507
|c 20171016
|g RCR
|
| 856 |
4 |
|
|u https://www.matec-conferences.org/articles/matecconf/abs/2017/24/contents/contents.html
|
| 942 |
|
|
|c CF
|